IFM Opac

Reinsurance (Record no. 6543)

MARC details
000 -LEADER
fixed length control field 00501nam a2200193Ia 4500
003 - CONTROL NUMBER IDENTIFIER
control field OSt
005 - DATE AND TIME OF LATEST TRANSACTION
control field 20220831110747.0
008 - FIXED-LENGTH DATA ELEMENTS--GENERAL INFORMATION
fixed length control field 220831b |||||||| |||| 00| 0 eng d
020 ## - INTERNATIONAL STANDARD BOOK NUMBER
International Standard Book Number 0903393387
040 ## - CATALOGING SOURCE
Transcribing agency IFM Library
082 ## - DEWEY DECIMAL CLASSIFICATION NUMBER
Classification number 368.012
100 ## - MAIN ENTRY--PERSONAL NAME
Personal name Carter, R. L.
9 (RLIN) 8924
245 ## - TITLE STATEMENT
Title Reinsurance
260 ## - PUBLICATION, DISTRIBUTION, ETC.
Place of publication, distribution, etc. Middlesex:
Name of publisher, distributor, etc. Kluwer Publishing and M & G,
Date of publication, distribution, etc. 1979
300 ## - PHYSICAL DESCRIPTION
Extent xi,590.:
Other physical details ill.; 24cm
500 ## - GENERAL NOTE
General note Include Bibliography and Index
650 ## - SUBJECT ADDED ENTRY--TOPICAL TERM
Topical term or geographic name entry element Insurance
9 (RLIN) 8925
942 ## - ADDED ENTRY ELEMENTS (KOHA)
Koha item type Books
Source of classification or shelving scheme Dewey Decimal Classification
Suppress in OPAC No
Holdings
Withdrawn status Lost status Source of classification or shelving scheme Damaged status Not for loan Collection code Home library Current library Shelving location Date acquired Source of acquisition Full call number Barcode Date last seen Price effective from Koha item type
    Dewey Decimal Classification     Non-fiction IFM Main Campus Library IFM Main Campus Library Special Reserve Collection 08/31/2022 Purchase 368.012 CAR 0000009326 05/15/2015 02/19/2022 Books